00484 2200193 4500001002100000005001500021035002000036007000300056008004100059020002200100082001300122084002000135100000900155245002600164250000600190260004400196300004000240650001000280INLIS00000000000204320260224090110 a0010-0226000053ta260224 d 1 ind  a978-979-20-8313-8 a741.5592 a741.5592 PIN p0 aPink1 aPretty Vol. 7 /cPink a- aJakarta :bElex Media Komputindo,c2006 a180 hlm. :bilus. ;c11.5 x 17.5 cm aKomik